00449cam a2200157ua 450000100060000000800390000602000180004504000090006308200080007210000300008024500790011025000130018926000500020230000100025265300290026210682190326n ii |||gr||||Z||||||eng a9788121910361 cMAIN a301 aC N Shankar Rao,eAuthor. aMAINbprinciples of sociology with an introduction to sociological thought a1st rep. aNew Delhi:bS chand & company pvt ltd,c2016. a924p. aSociology & anthropology